000 00740nam a2200277 i 4500
001 C2-0255586
003 PPAK
005 20180727223227.0
008 040613s1983 enka|||| ||||| | eng d
020 _a0241110378
040 _aPPAK
_beng
_cPPAK
_erda
082 0 4 _a591
_223
090 0 0 _a591
_bCOO
_dR
090 0 0 _a591
_bCOO
_dRK
100 1 _aCook, David,
_eauthor
245 1 0 _aAnimals on land
264 1 _aLondon :
_bHamish Hamilton ,
_c1983
300 _a30 pages :
_bcolour illustrations ;
_c26 cm
336 _2rdacontent
_atext
337 _2rdamedia
_aunmediated
338 _2rdacarrier
_avolume
490 1 _aWildlife rescue
650 1 0 _aAnmals - Juvenile literature
830 0 _aWildlife rescue
942 _ddc
_cB
999 _c67941
_d67941